5HLuxD.jpg

KING HENRY VIII SENIOR AND PRIMARY SCHOOL LIBRARY OPAC

TEN STEPS TO FLYING LIKE A SUPERHERO (Record no. 5536)

000 -LEADER
fixed length control field 00405nam a22001217a 4500
008 - FIXED-LENGTH DATA ELEMENTS--GENERAL INFORMATION
fixed length control field 250926b ||||| |||| 00| 0 eng d
020 ## - INTERNATIONAL STANDARD BOOK NUMBER
International Standard Book Number 9781627796507
082 ## - DEWEY DECIMAL CLASSIFICATION NUMBER
Classification number 813.6 PIL
100 ## - MAIN ENTRY--PERSONAL NAME
Personal name PILUTTI,DEB
Relator term AUTHOR
Language of a work ENGLISH
245 ## - TITLE STATEMENT
Title TEN STEPS TO FLYING LIKE A SUPERHERO
260 ## - PUBLICATION, DISTRIBUTION, ETC.
Place of publication, distribution, etc. 120 BROADWAY,NEW YORK,NY 10271
Name of publisher, distributor, etc. HENRY HOLT IS A REGISTERED TRADEMARK OF MACMILLAN PUBLISHING GROUP,LLC
Date of publication, distribution, etc. 2020
942 ## - ADDED ENTRY ELEMENTS (KOHA)
Source of classification or shelving scheme
Holdings
Withdrawn status Lost status Source of classification or shelving scheme Damaged status Not for loan Collection code Permanent Location Current Location Shelving location Date acquired Full call number Barcode Date last seen Price effective from Koha item type Public note
          Fiction KH8 Primary School Library KH8 Primary School Library Fiction 2025-09-26 813.6 PIL KHPL000007231 2025-09-26 2025-09-26 Books - Fiction PRIMARY LIBRARY

Powered By KH8 IT Dept